000 00741nam a2200229Ii 4500
003 JO-AjNU
008 230605s9999||||xx |||||||||||||| ||und||
017 _a2010/6/2320
020 _a978-99507-88-89
040 _aJO-AjNU
_bara
_erda
_cJO-AjNU
041 _aara
050 1 4 _aBP130.4.S246 2011
100 3 _aتاليف السامرائي، فاضل صالح,
_eauthor
_943185
245 0 0 _aعلى طريق التفسير البياني، ج3
250 _aط1
264 3 1 _aعمان: دار الفكر ناشرون وموزعون، 2011
300 _aج3، 360ص
336 _atext
_btxt
_2rdacontent
337 _aunmediated
_bn
_2rdamedia
338 _avolume
_bnc
_2rdacarrier
650 4 _aقران كريم - تفسير
_943186
999 _aA18548
_c22116
_d22116